Probabilistic reasoning in multiagent systems : a graphical models approach /
保存先:
| 第一著者: | |
|---|---|
| フォーマット: | Sách giấy |
| 出版事項: |
Cambridge ; New York :
Cambridge University Press,
2002
|
| 主題: | |
| オンライン・アクセス: | Sample text Table of contents Publisher description |
| タグ: |
タグ追加
タグなし, このレコードへの初めてのタグを付けませんか!
|
| Thư viện lưu trữ: | Thư viện Trường Đại học Đà Lạt |
|---|
| LEADER | 01350nam a2200385 4500 | ||
|---|---|---|---|
| 001 | DLU050048096 | ||
| 005 | ##20050726 | ||
| 008 | ##011105s2002 enka b 001 0 eng | ||
| 010 | # | # | |a 2001052874 |
| 020 | # | # | |a 0521813085 |
| 040 | # | # | |a DLC |c DLC |d DLC |
| 042 | # | # | |a pcc |
| 050 | # | # | |a Q337 |b .X53 2002 |
| 082 | # | # | |a 006.3 |b XI-Y |
| 100 | # | # | |a Xiang, Yang, |d 1954- |
| 245 | # | # | |a Probabilistic reasoning in multiagent systems : |b a graphical models approach / |c Yang Xiang |
| 260 | # | # | |a Cambridge ; |a New York : |b Cambridge University Press, |c 2002 |
| 300 | # | # | |a xii, 294 p. : |b ill. ; |c 26 cm. |
| 504 | # | # | |a Includes bibliographical references (p. 287-291) and index. |
| 650 | # | # | |a Bayesian statistical decision theory |x Data processing. |
| 650 | # | # | |a Distributed artificial intelligence. |
| 650 | # | # | |a Intelligent agents (Computer software) |
| 856 | # | # | |3 Sample text |u http://www.loc.gov/catdir/samples/cam033/2001052874.html |
| 856 | # | # | |3 Table of contents |u http://www.loc.gov/catdir/toc/cam023/2001052874.html |
| 856 | # | # | |3 Publisher description |u http://www.loc.gov/catdir/description/cam022/2001052874.html |
| 923 | # | # | |a 21/2005 |
| 992 | # | # | |a 15300 |
| 994 | # | # | |a DLU |
| 900 | # | # | |a True |
| 911 | # | # | |a Nguyễn Thị Tố Hạnh |
| 925 | # | # | |a G |
| 926 | # | # | |a A |
| 927 | # | # | |a SH |
| 980 | # | # | |a Thư viện Trường Đại học Đà Lạt |


